Advances in developmental biology. Volume 2 /

Advances in Developmental Biology was launched as a series by JAI Press in 1992 with the appearance of Volume 1. This series is inextricably linked to the companion series, Advances in Developmental Biochemistry, that was launched at the same time. As stated in the Preface to Volume 1: "Togethe...

Full description

Bibliographic Details
Corporate Author: ScienceDirect (Online service)
Other Authors: Wassarman, Paul M.
Format: eBook
Language:English
Language Notes:English.
Published: Greenwich, Conn. : JAI Press, 1993.
Series:Advances in Developmental Biology.
Subjects:
Online Access:Connect to the full text of this electronic book

MARC

Tag First Indicator Second Indicator Subfields
LEADER 00000cam a2200000 a 4500
001 in00005735607
005 20260326155928.4
006 m o d
007 cr cnu---unuuu
008 090107s1993 ctu o 000 0 eng d
040 |a N$T  |b eng  |e pn  |c N$T  |d OCLCQ  |d IDEBK  |d OCLCQ  |d E7B  |d UBY  |d OPELS  |d OCLCQ  |d OCLCF  |d OCLCQ  |d DEBSZ  |d LEAUB  |d VLY  |d OCLCO  |d OCLCQ  |d OCLCO  |d OCLCL  |d SMC  |d OCLCQ 
019 |a 505094240  |a 646756790  |a 1162042285  |a 1398096862  |a 1515741942 
020 |a 9780080876764  |q (electronic bk.) 
020 |a 0080876765  |q (electronic bk.) 
020 |a 1559385820  |q (electronic bk.) 
020 |a 9781559385824  |q (electronic bk.) 
020 |a 1281716804 
020 |a 9781281716804 
020 |a 9786611716806 
020 |a 6611716807 
035 |a (OCoLC)297239913  |z (OCoLC)505094240  |z (OCoLC)646756790  |z (OCoLC)1162042285  |z (OCoLC)1398096862  |z (OCoLC)1515741942 
050 4 |a QH491  |b .A38eb vol. 2 
072 7 |a SCI  |x 072000  |2 bisacsh 
082 0 4 |a 571.8  |2 22 
049 |a TXAM 
245 0 0 |a Advances in developmental biology.  |n Volume 2 /  |c editor, Paul M. Wassarman. 
260 |a Greenwich, Conn. :  |b JAI Press,  |c 1993. 
300 |a 1 online resource (1 volume) 
336 |a text  |b txt  |2 rdacontent 
337 |a computer  |b c  |2 rdamedia 
338 |a online resource  |b cr  |2 rdacarrier 
490 1 |a Advances in developmental biology ;  |v 2 
588 0 |a Print version record. 
520 |a Advances in Developmental Biology was launched as a series by JAI Press in 1992 with the appearance of Volume 1. This series is inextricably linked to the companion series, Advances in Developmental Biochemistry, that was launched at the same time. As stated in the Preface to Volume 1: "Together the two series will provide annual reviews of research topics in developmental biology/biochemistry, written from the perspectives of leading investigators in these fields. It is intended that each review draw heavily form the author's own research contributions and perspective. Thus, the presentations are not necessarily encyclopedic in coverage, nor do they necessarily reflect all opposing views of the subject." Volume 2 of the series follows these same guidelines. 
505 0 |a Front Cover; Advances in Developmental Biology, Volume 2; Copyright Page; Contents; List of Contributors; Preface; Chapter 1. The Sry Gene and Sex Determination in Mammals; Chapter 2. Molecular and Genetic Studies of Human X Chromosome Inactivation; Chapter 3. Genomic Imprinting in the Regulation of Mammalian Development; Chapter 4. Cell Interactions in Neural Crest Cell Migration; Chapter 5. Enzymes and Morphogenesis: Alkaline Phosphatase and Control of Cell Migration; Index 
546 |a English. 
650 0 |a Developmental biology. 
650 2 |a Developmental Biology 
650 6 |a Biologie du développement. 
650 7 |a SCIENCE  |x Life Sciences  |x Developmental Biology.  |2 bisacsh 
650 7 |a Developmental biology  |2 fast 
655 7 |a Electronic books.  |2 local 
700 1 |a Wassarman, Paul M. 
710 2 |a ScienceDirect (Online service) 
758 |i has work:  |a Advances in Developmental Biology. Vol. 1a (Text)  |1 https://id.oclc.org/worldcat/entity/E39PCYpCvD7qxqFbPFwMXXQgDm  |4 https://id.oclc.org/worldcat/ontology/hasWork 
776 0 8 |i Print version:  |t Advances in developmental biology. Volume 2.  |d Greenwich, Conn. : JAI Press, 1993  |z 1559385820  |z 9781559385824  |w (OCoLC)59959893 
776 1 |z 1559385820 
830 0 |a Advances in Developmental Biology. 
856 4 0 |u http://proxy.library.tamu.edu/login?url=https://www.sciencedirect.com/science/bookseries/15663116/2  |z Connect to the full text of this electronic book  |t 0 
955 |a Elsevier ScienceDirect 2026-2027 
994 |a 92  |b TXA 
999 f f |i 9e63a79b-48a3-4c2a-b94c-1e6153312ad1  |s bf711234-3250-419a-af49-d2e60713bb05  |t 0 
952 f f |a Texas A&M University  |b College Station  |c Electronic Resources  |s www_evans  |d Available Online  |t 0  |e QH491 .A38eb vol. 2  |h Library of Congress classification 
998 f f |a QH491 .A38eb vol. 2  |t 0  |l Available Online